00000000cam 22000008i 4500
0019.908533
003CaOODSP
00520251208150402
006m     o  d f      
007cr |||||||||||
008220225t20222022picd    obs  f000 0 eng d
020 |a9780660422473
040 |aCaOODSP|beng|erda|cCaOODSP
043 |an-cn---
0861 |aV3-1/9-2022E-PDF
1001 |aVanTil, Linda, |eauthor.
24500|a2021 Veteran Suicide Mortality Study : |bfollow-up period from 1975 to 2016 / |cLinda VanTil, Amanda Kopp, Alexandra Heber.
264 1|aCharlottetown, Prince Edward Island : |bVeterans Affairs Canada = Anciens combattants Canada, |c2022.
264 4|c©2022
300 |a1 online resource (22 pages) : |bgraphs.
336 |atext|btxt|2rdacontent
337 |acomputer|bc|2rdamedia
338 |aonline resource|bcr|2rdacarrier
4901 |aResearch Directorate technical report
500 |aIssued also in French under title: Étude de 2021 sur la mortalité par suicide chez les vétérans : période de suivi de 1975 à 2016.
500 |a"31 December, 2021."
504 |aIncludes bibliographical references (pages 16-17).
520 |a"Suicide in Canadian Veterans is a top public health concern for Veterans Affairs Canada. Collaboration between Veterans Affairs Canada, the Department of National Defence, and Statistics Canada has led to a series of reports under the Veteran Suicide Mortality Study (VSMS). In 2017 and 2019, VSMS examined the magnitude of suicide risk in Canadian Veterans"--Executive summary, page 1.
650 0|aVeterans|xSuicidal behavior|zCanada|vStatistics.
655 7|aStatistics|2lcgft
7101 |aCanada. |bVeterans Affairs Canada. |bResearch Directorate, |eissuing body.
77508|tÉtude de 2021 sur la mortalité par suicide chez les vétérans : |w(CaOODSP)9.913246
830#0|aTechnical report (Canada. Veterans Affairs Canada. Research Directorate)|w(CaOODSP)9.844433
85640|qPDF|s663 KB|uhttps://publications.gc.ca/collections/collection_2025/acc-vac/V3-1-9-2022-eng.pdf